000 01682nam0a2200349 i 4500
001 RU\NLR\bibl\2038804
005 20241101201743.0
010 _a9785811413348
_91000
021 _aRU
_b2013-35167
_92410
035 _a(NLR Aleph) 002026142
090 _a4528025
_c4528025
100 _a20130531d2013 u y0rusy50 ca
101 0 _arus
102 _aRU
105 _aa |||||||||
200 1 _aСтроительная механика
_eдинамика и устойчивость сооружений
_eучебное пособие для студентов вузов, обучающихся по направлению 270800 - "Строительство"
_fГ.В. Васильков, З.В. Буйко
210 _aСанкт-Петербург [и др.]
_cЛань
_d2013
215 _a254,[1] с.
_cил.
_d21
225 1 _aУчебники для вузов
_iСпециальная литература
320 _aБиблиогр.: с. 252-254 (47 назв.)
606 _aДинамика сооружений
_jУчебные издания для высших учебных заведений
_9978598
_3RU\NLR\auth\66368143
606 1 _aСооружения
_jУчебные издания для высших учебных заведений
_xУстойчивость
_91821837
_3RU\NLR\auth\661115412
686 _aН112я73-1
700 1 _aВасильков
_bГ. В.
_gГенрих Васильевич
_4070
701 1 _aБуйко
_bЗ. В.
_gЗоя Вадимовна
_4070
801 0 _aRU
_bNLR
_c20130531
_gRCR
801 1 _aRU
_bNLR
_c20130531
830 _aавт. по кн.
942 _cBOOK
980 _aNBR